Inaugural address delivered to the University of St.Andrews, Feb. 1st, 1867 /
Salvato in:
| Autore principale: | |
|---|---|
| Natura: | Libro |
| Lingua: | English |
| Pubblicazione: |
London :
Routledge/Thoemmes,
1994.
|
| Soggetti: | |
| Tags: |
Aggiungi Tag
Nessun Tag, puoi essere il primo ad aggiungerne! !
|
| Thư viện lưu trữ: | Mạng thư viện Đại học Đà Nẵng |
|---|
| LEADER | 00801cam a2200313 i 4500 | ||
|---|---|---|---|
| 001 | 000049493 | ||
| 003 | 9243 | ||
| 005 | 20030310075049.0 | ||
| 008 | 010316|1994 vm 000 eng | ||
| 020 | |a 0415092574 | ||
| 040 | |a IRC |c IRC |d IRC | ||
| 041 | 0 | |a eng | |
| 082 | 1 | 4 | |a 370 |b MI-J |
| 100 | 1 | |a Mero, Neal P. | |
| 245 | 0 | 0 | |a Inaugural address delivered to the University of St.Andrews, Feb. 1st, 1867 / |c John Stuart Mill. |
| 260 | |a London : |b Routledge/Thoemmes, |c 1994. | ||
| 300 | |a 99 p. ; |c 21.5cm. | ||
| 630 | 0 | 4 | |a Education. |
| 650 | 0 | 4 | |a Education. |
| OWN | |a DUT | ||
| 999 | |a From the UDN01 | ||
| TYP | |a Monograph | ||
| TYP | |a Printed language | ||
| 980 | |a Mạng thư viện Đại học Đà Nẵng | ||


